| 000 | 00938nam a2200301 a 4500 | ||
|---|---|---|---|
| 001 | 58162 | ||
| 003 | CO-BoRNBP | ||
| 005 | 20250819215924.0 | ||
| 007 | ta | ||
| 008 | 981204s1990 ck a jr 000 j spa | ||
| 020 | _a9580705089 | ||
| 040 |
_aCO-BoBN _bspa _cCO-BoBN |
||
| 082 | 0 | 4 |
_a813.44 _220 |
| 084 | _aC CAS12 | ||
| 245 | 0 | 0 | _aCastigo a los roedores |
| 250 | _a1a. edición | ||
| 300 |
_a[16] p. : _bil. col. ; _c27 cm |
||
| 336 |
_2rdacontent _atexto _btxt |
||
| 337 |
_2rdamedia _asin mediación _bn |
||
| 338 |
_2rdacarrier _avolumen _bnc |
||
| 500 | _aTítulo tomado de la pasta | ||
| 650 |
_aCuentos infantiles colombianos _2LEMB |
||
| 650 |
_aCuentos colombianos _ySiglo XX _2LEMB _91206 |
||
| 930 | _acjo | ||
| 942 |
_2ddc _cBK |
||
| 949 |
_aB 4119 _mD.SAMPER _lLIB/MODER _kLIB/MODER _tLIBRO _xDEP/LEGAL _zGENERAL _rY _sY |
||
| 949 |
_aPB 3438 _vej.2 _mPRESERVACI _lPRESERVACI _kPRESERVACI _tLIBRO _xDEP/LEGAL _zPRESERVACI _rY _sY |
||
| 999 |
_c58162 _d58162 |
||